|
|
|
|
| LEADER |
00000nab a2200000 a 4500 |
| 001 |
vtls000661683 |
| 003 |
SK-MaSNL |
| 005 |
20260305025417.0 |
| 008 |
160329c xo 0 slo |
| 015 |
|
|
|a SNBRB1998/06-15231
|
| 035 |
|
|
|a CLN000013872
|
| 040 |
|
|
|a SNKBUCL
|b slo
|c SNKBUCL
|e AACR2
|
| 041 |
0 |
|
|a slo
|
| 044 |
|
|
|a xo
|c SK
|
| 080 |
|
|
|a 655.4(437.6)
|2 1997
|
| 245 |
0 |
0 |
|a Knižné centrum
|
| 300 |
|
|
|b Obr.
|
| 610 |
|
7 |
|a Knižné centrum (vydavateľstvo : Žilina, Slovensko)
|2 snkbucl
|9 32243
|
| 651 |
|
7 |
|a Žilina (Slovensko : okres)
|2 snkbucl
|9 56327
|
| 655 |
|
7 |
|a články z novín a časopisov
|2 snkbucl
|9 267496
|
| 773 |
0 |
|
|x 0862-8823
|t Slovenské národné noviny
|g Roč. 9 (13), č. 25 (1998)
|
| 773 |
0 |
|
|x 0862-8823
|t Mimoriadna príloha SNN
|g Č. 25 (1998), s. IV
|
| 850 |
|
|
|a Slovenská národná knižnica v Martine
|
| 852 |
|
|
|a SNK
|b KIS3GCP
|
| 958 |
|
|
|a SK
|
| 958 |
|
|
|a KL
|
| 958 |
|
|
|a RBX
|
| 999 |
|
|
|c 3305573
|d 3307503
|